[Event "Potiguar-ch"]
[Site "Natal"]
[Date "2013.09.29"]
[Round "4"]
[White "Ananias, Thales Rodrigo Lima"]
[Black "De Melo, Beatriz Cristina Ol"]
[Result "0-1"]
[WhiteElo "1775"]
[BlackElo "1804"]
[PlyCount "49"]
[EventDate "2013.09.27"]
[EventType "swiss"]
[EventRounds "9"]
[EventCountry "BRA"]
[SourceTitle "EXT 2015"]
[Source "ChessBase"]
[SourceDate "2014.11.20"]
[SourceVersion "1"]
[SourceVersionDate "2014.11.20"]
[SourceQuality "1"]

1. e4 e5 2. Nf3 f5 3. Nc3 Nc6 4. b3 fxe4 5. Nxe4 d5 6. Nc3 Nf6 7. d4 e4 8. Ne5 Bd7 9. Bg5 Bb4 10. Bd2 Nxd4 11. Nxd7 Qxd7 12. a3 Bc5 13. Bg5 c6 14. b4 Bb6 15. Na4 Ne6 16. Bxf6 gxf6 17. c4 Rd8 18. Qh5+ Qf7 19. Qxf7+ Kxf7 20. Be2 Nd4 21. Bh5+ Ke7 22. cxd5 Nc2+ 23. Kd2 Nxa1 24. Rxa1 Rxd5+ 25. Ke2 0-1